Localization of GSM devices in intended area / (Record no. 212135)
[ view plain ]
| 000 -LEADER | |
|---|---|
| fixed length control field | 00759 a2200193 4500 |
| 003 - CONTROL NUMBER IDENTIFIER | |
| control field | NUST |
| 005 - DATE AND TIME OF LATEST TRANSACTION | |
| control field | 20251218131714.0 |
| 040 ## - CATALOGING SOURCE | |
| Transcribing agency | Nust |
| 082 ## - DEWEY DECIMAL CLASSIFICATION NUMBER | |
| Classification number | 621.382,AMI |
| 100 ## - MAIN ENTRY--PERSONAL NAME | |
| Personal name | Naila Amir (TCC-22) |
| 9 (RLIN) | 132431 |
| 245 ## - TITLE STATEMENT | |
| Title | Localization of GSM devices in intended area / |
| Remainder of title | Naila Amir, Saba Manzoor and M. Haid Raza. TCC-22 |
| 260 ## - PUBLICATION, DISTRIBUTION, ETC. | |
| Place of publication, distribution, etc. | Rawalpindi |
| Name of publisher, distributor, etc. | MCS (NUST) |
| Date of publication, distribution, etc. | June 2014 |
| 300 ## - PHYSICAL DESCRIPTION | |
| Extent | 63 p.; |
| 505 ## - FORMATTED CONTENTS NOTE | |
| Formatted contents note | Introduction (Page-13), Literature Review (Page-16), Design and Development (Page-37), Analysis and Development (Page-37), Analysis and Evaluation (Page-44), Future Work (Page-55), References (Page-63). |
| 650 ## - SUBJECT ADDED ENTRY--TOPICAL TERM | |
| Topical term or geographic name entry element | UG Project |
| 9 (RLIN) | 131132 |
| 651 ## - SUBJECT ADDED ENTRY--GEOGRAPHIC NAME | |
| Geographic name | TCC-22 |
| 9 (RLIN) | 131223 |
| 700 ## - ADDED ENTRY--PERSONAL NAME | |
| Personal name | Supervised by Maj (R) Imtiaz Ahmed Kokhar |
| 9 (RLIN) | 132432 |
| 942 ## - ADDED ENTRY ELEMENTS (KOHA) | |
| Koha item type | Project Report |
| Source of classification or shelving scheme | |
| Withdrawn status | Lost status | Source of classification or shelving scheme | Damaged status | Not for loan | Permanent Location | Current Location | Shelving location | Date acquired | Full call number | Barcode | Date last seen | Price effective from | Koha item type | Public note |
|---|---|---|---|---|---|---|---|---|---|---|---|---|---|---|
| Military College of Signals (MCS) | Military College of Signals (MCS) | Reference | 12/12/2016 | 621.382,AMI | MCSPTC-232 | 12/08/2016 | 12/12/2016 | Project Report | Almirah No. 94, Shelf No. 4 |
